00457nam a2200145Ia 4500008004100000020001800041082001400059100001900073245003200092260001200124500001300136942000700149952014000156999001500296260604s9999 xx 000 0 und d a9788197429361 a808.3 BLU aBLUEONE935418 0aIt’s the highest priority bBLUEONE aPriority cBK 00104070aIIMVbIIMVcChildren collectiond2026-06-04g299.00l0o808.3 BLUp003851r2026-06-04 10:19:28v299.00w2026-06-04yBKBBLU c8233d8233